[Event "RUS-ch U14"]
[Site "Dagomys"]
[Date "2009.04.15"]
[Round "1"]
[White "Rychkov, Oleg"]
[Black "Yudin, Ivan"]
[Result "1/2-1/2"]
[WhiteElo "2063"]
[BlackElo "2277"]
[PlyCount "80"]
[EventDate "2009.04.15"]
[EventType "swiss"]
[EventRounds "9"]
[EventCountry "RUS"]
[SourceTitle "CBM 130 Extra"]
[Source "ChessBase"]
[SourceDate "2009.07.02"]
[SourceVersion "2"]
[SourceVersionDate "2009.07.15"]
[SourceQuality "1"]

1. d4 d5 2. c4 e6 3. Nc3 Be7 4. cxd5 exd5 5. Bf4 c6 6. e3 Nf6 7. Bd3 Bg4 8. Qc2 Bh5 9. Nf3 Bg6 10. Ne5 Bxd3 11. Qxd3 Nbd7 12. h3 0-0 13. 0-0 Re8 14. Rab1 a5 15. Rfc1 Bf8 16. Nxd7 Nxd7 17. Na4 g6 18. a3 b5 19. Nc3 Nb6 20. a4 bxa4 21. Ra1 a3 22. bxa3 a4 23. Nb1 Nc4 24. Nd2 Na5 25. Qc2 Re6 26. Qxa4 Nc4 27. Qc2 Nxa3 28. Qd3 Bb4 29. Nf3 Nc4 30. Rxa8 Qxa8 31. Rb1 Bd6 32. Bxd6 Rxd6 33. Nd2 Nxd2 34. Qxd2 Rd8 35. Qc2 Kg7 36. Rb6 Rc8 37. Qb2 Qa5 38. Rb7 Rc7 39. Rxc7 Qxc7 40. Qb4 h6 1/2-1/2

[Event "Moscow Petrosian Memorial U18"]
[Site "Moscow"]
[Date "2009.01.??"]
[Round "1"]
[White "Lushnikov, Evgeny"]
[Black "Yudin, Ivan"]
[Result "0-1"]
[WhiteElo "1961"]
[BlackElo "2257"]
[PlyCount "116"]
[EventDate "2009.01.??"]
[EventType "swiss"]
[EventRounds "9"]
[EventCountry "RUS"]
[SourceTitle "EXT 2010"]
[Source "ChessBase"]
[SourceDate "2010.11.25"]
[SourceVersion "1"]
[SourceVersionDate "2010.11.25"]
[SourceQuality "1"]

1. e4 c5 2. Nf3 d6 3. Bb5+ Nc6 4. 0-0 Bd7 5. c3 Nf6 6. Qe2 a6 7. Ba4 b5 8. Bc2 Bg4 9. d3 e6 10. Nbd2 Be7 11. h3 Bh5 12. Rd1 0-0 13. g4 Bg6 14. Nf1 Rc8 15. Ng3 Nd7 16. Be3 d5 17. exd5 exd5 18. d4 c4 19. Nf5 Bxf5 20. Bxf5 g6 21. Bxd7 Qxd7 22. Ne5 Qe6 23. Nxc6 Rxc6 24. Re1 Qd7 25. Qd2 f5 26. Bh6 Rf7 27. Bg5 fxg4 28. Bxe7 Rxe7 29. Rxe7 Qxe7 30. hxg4 Re6 31. Qf4 Re2 32. Kf1 Kg7 33. g5 Re6 34. a4 b4 35. cxb4 Re4 36. Qf6+ Qxf6 37. gxf6+ Kxf6 38. b5 axb5 39. a5 Re7 40. a6 Ra7 41. Ra5 Ke6 42. Rxb5 Rxa6 43. b3 Rc6 44. bxc4 Rxc4 45. Rb7 h5 46. Ke2 Rxd4 47. Ke3 Re4+ 48. Kf3 Re5 49. Kg3 d4 50. Rb6+ Kf5 51. Rb4 Rd5 52. Rb2 d3 53. Rd2 Ke4 54. Kg2 Kd4 55. Kf1 Kc3 56. Ke1 Re5+ 57. Kd1 Ra5 58. Ke1 Ra1+ 0-1

[Event "Moscow Petrosian Memorial U18"]
[Site "Moscow"]
[Date "2009.01.??"]
[Round "3"]
[White "Oparin, Grigoriy"]
[Black "Yudin, Ivan"]
[Result "1/2-1/2"]
[WhiteElo "2189"]
[BlackElo "2257"]
[PlyCount "112"]
[EventDate "2009.01.??"]
[EventType "swiss"]
[EventRounds "9"]
[EventCountry "RUS"]
[SourceTitle "EXT 2010"]
[Source "ChessBase"]
[SourceDate "2010.11.25"]
[SourceVersion "1"]
[SourceVersionDate "2010.11.25"]
[SourceQuality "1"]

1. e4 c5 2. Nf3 Nc6 3. d4 cxd4 4. Nxd4 Qb6 5. Nb3 Nf6 6. Nc3 e6 7. Be3 Qc7 8. a3 a6 9. f4 d6 10. g4 b5 11. Bg2 Rb8 12. 0-0 h6 13. Qe2 b4 14. axb4 Rxb4 15. h3 Be7 16. Qf2 Nd7 17. Rad1 0-0 18. Kh1 a5 19. Ra1 Ba6 20. Rfb1 Rfb8 21. Nd1 a4 22. Nd2 Bf6 23. c3 R4b7 24. Rxa4 Bd3 25. Rc1 Nb6 26. Raa1 Nc4 27. Nxc4 Bxc4 28. Ra3 Bb3 29. Ra6 d5 30. exd5 exd5 31. Qf3 Bc4 32. Ra3 Re8 33. Rca1 Rbb8 34. Qf2 Qe7 35. Kh2 Qc7 36. Kh1 g6 37. Bf3 g5 38. fxg5 Bxg5 39. Bxg5 hxg5 40. Ne3 Qb6 41. Re1 Ne5 42. Be2 Qxb2 43. Ra7 Qb6 44. Raa1 Bd3 45. Rad1 Be4+ 46. Kg1 Rbd8 47. Rd4 Qh6 48. Qg3 Nc6 49. Rdd1 d4 50. Nc4 Qh4 51. Qxh4 gxh4 52. cxd4 Nxd4 53. Kf2 f5 54. gxf5 Bxf5 55. Bg4 Rxe1 56. Rxe1 Bxg4 1/2-1/2

[Event "Moscow Petrosian Memorial U18"]
[Site "Moscow"]
[Date "2009.01.??"]
[Round "2"]
[White "Yudin, Ivan"]
[Black "Gvanceladze, Anna"]
[Result "1-0"]
[WhiteElo "2257"]
[BlackElo "1978"]
[PlyCount "95"]
[EventDate "2009.01.??"]
[EventType "swiss"]
[EventRounds "9"]
[EventCountry "RUS"]
[SourceTitle "EXT 2010"]
[Source "ChessBase"]
[SourceDate "2010.11.25"]
[SourceVersion "1"]
[SourceVersionDate "2010.11.25"]
[SourceQuality "1"]

1. d4 Nf6 2. c4 g6 3. Nf3 Bg7 4. g3 0-0 5. Bg2 d6 6. Nc3 Nc6 7. 0-0 a6 8. b3 Rb8 9. Nd5 Nh5 10. Bb2 e6 11. Ne3 Ne7 12. Rc1 Bd7 13. Qd2 Nf6 14. Qd3 b5 15. Ba3 Bc6 16. Rfd1 Qd7 17. Nd2 Bxg2 18. Nxg2 Rfd8 19. e4 Ne8 20. Ne3 b4 21. Bb2 Nc6 22. Nf3 Na7 23. Ba1 Qe7 24. d5 e5 25. Rc2 Nf6 26. c5 Nb5 27. Nc4 Na3 28. cxd6 cxd6 29. Nxa3 bxa3 30. Rdc1 Qb7 31. Rc7 Qb5 32. R1c4 Ne8 33. R7c6 h6 34. Bc3 a5 35. Qc2 Rb6 36. Nd2 Rxc6 37. Rxc6 Bf8 38. Nc4 Ra8 39. Nxa3 Qb7 40. Nc4 Qb5 41. a4 Qb7 42. Nxa5 Qd7 43. Bd2 Nf6 44. Kg2 h5 45. Rc7 Qe8 46. f3 Be7 47. Rc6 Nd7 48. b4 1-0

[Event "Moscow Petrosian Memorial U18"]
[Site "Moscow"]
[Date "2009.01.??"]
[Round "4"]
[White "Yudin, Ivan"]
[Black "Repina, Varvara"]
[Result "1-0"]
[WhiteElo "2257"]
[BlackElo "2259"]
[PlyCount "111"]
[EventDate "2009.01.??"]
[EventType "swiss"]
[EventRounds "9"]
[EventCountry "RUS"]
[SourceTitle "EXT 2010"]
[Source "ChessBase"]
[SourceDate "2010.11.25"]
[SourceVersion "1"]
[SourceVersionDate "2010.11.25"]
[SourceQuality "1"]

1. e4 c5 2. Nf3 Nc6 3. d4 cxd4 4. Nxd4 Nf6 5. Nc3 d6 6. Bg5 e6 7. Qd2 Be7 8. 0-0-0 Bd7 9. Ndb5 0-0 10. Nxd6 Qb8 11. f4 h6 12. Bxf6 Bxf6 13. e5 Be7 14. Nce4 Rd8 15. g4 a5 16. a3 b5 17. Bxb5 Nxe5 18. fxe5 Bxb5 19. Qf2 Rf8 20. Rhe1 Bc6 21. Rd3 a4 22. h4 Ra5 23. Qh2 Bd5 24. Qd2 Qb6 25. Qb4 Qa7 26. Qd4 Bxh4 27. Qxa7 Rxa7 28. Re2 Rd8 29. Rd4 Be7 30. c4 Rc7 31. Nc3 Bxd6 32. cxd5 Bxa3 33. Rc2 Bc5 34. Rd3 exd5 35. Nxd5 Be3+ 36. Kb1 Rxc2 37. Nf6+ gxf6 38. Rxd8+ Kh7 39. Kxc2 fxe5 40. Rd6 Kg7 41. Ra6 f6 42. Rxa4 Kg6 43. Kd3 Bg1 44. Ke4 Kg5 45. Ra6 Bd4 46. b4 h5 47. gxh5 f5+ 48. Kd3 Kxh5 49. b5 Kg4 50. b6 Bxb6 51. Rxb6 Kf3 52. Re6 e4+ 53. Kd4 Kf4 54. Re5 Kg5 55. Ke3 Kg4 56. Re8 1-0

[Event "Moscow op-A 04th"]
[Site "Moscow"]
[Date "2008.02.02"]
[Round "1"]
[White "Looshnikov, Nikolai"]
[Black "Yudin, Ivan"]
[Result "1-0"]
[WhiteElo "2454"]
[BlackElo "2176"]
[PlyCount "59"]
[EventDate "2008.02.02"]
[EventType "swiss"]
[EventRounds "9"]
[EventCountry "RUS"]
[SourceTitle "CBM 122 Extra"]
[Source "ChessBase"]
[SourceDate "2008.03.04"]
[SourceVersion "1"]
[SourceVersionDate "2008.03.04"]
[SourceQuality "1"]

1. e4 c5 2. Nf3 d6 3. c3 Nf6 4. Bc4 Nxe4 5. Qa4+ Nc6 6. Bxf7+ Kxf7 7. Qxe4 e6 8. d4 cxd4 9. cxd4 Qa5+ 10. Nc3 Be7 11. d5 exd5 12. Qf4+ Ke8 13. 0-0 Rf8 14. Qg3 Kf7 15. Rd1 d4 16. Nxd4 Nxd4 17. Rxd4 Qe5 18. Rf4+ Bf6 19. Be3 Re8 20. h4 d5 21. Bd4 Qe6 22. Qd3 Qd6 23. Rxf6+ gxf6 24. Nb5 Qe7 25. Qxh7+ Kf8 26. Qh8+ Kf7 27. Qh5+ Kg7 28. Rc1 Rd8 29. Rc3 Kf8 30. Bc5 1-0

[Event "Moscow Petrosian Memorial U18"]
[Site "Moscow"]
[Date "2008.01.??"]
[Round "6"]
[White "Charochkina, Daria"]
[Black "Yudin, Ivan"]
[Result "1-0"]
[WhiteElo "2383"]
[BlackElo "2176"]
[PlyCount "143"]
[EventDate "2008.01.??"]
[EventType "swiss"]
[EventRounds "9"]
[EventCountry "RUS"]
[SourceTitle "CBM 122 Extra"]
[Source "ChessBase"]
[SourceDate "2008.03.04"]
[SourceVersion "1"]
[SourceVersionDate "2008.03.04"]
[SourceQuality "1"]

1. Nf3 d5 2. g3 Bg4 3. Ne5 Be6 4. Bg2 c6 5. 0-0 Nd7 6. f4 g6 7. d4 Bg7 8. Nd2 Ngf6 9. b3 0-0 10. Bb2 Nxe5 11. fxe5 Ng4 12. Rf3 c5 13. e3 cxd4 14. exd4 Qb6 15. Kh1 f6 16. h3 Nh6 17. g4 Nf7 18. Qe2 fxe5 19. dxe5 Rac8 20. Rc1 d4 21. Rf4 Rfd8 22. h4 d3 23. cxd3 Rxc1+ 24. Bxc1 Qc5 25. Bb2 Qc2 26. Bd4 Qxa2 27. Qe3 b6 28. Rf2 Qa3 29. g5 Qc1+ 30. Rf1 Qc2 31. Rf4 Qd1+ 32. Rf1 Qc2 33. Ne4 Qxb3 34. Nc3 Rxd4 35. Qxd4 Bxe5 36. Qa4 Qxc3 37. Qe8+ Kg7 38. Qxe7 Qd4 39. Qxe6 Qxh4+ 40. Bh3 Bf4 41. Qf6+ Kf8 42. Qxf4 Qxh3+ 43. Kg1 Qd7 44. Re1 b5 45. Re4 a5 46. Qe3 a4 47. Qc5+ Kg7 48. Re7 Qg4+ 49. Kf2 Qf4+ 50. Ke2 b4 51. Re8 Qg4+ 52. Ke1 Qg3+ 53. Kd2 Qf4+ 54. Kc2 Qh2+ 55. Kd1 Qh1+ 56. Re1 Qf3+ 57. Kc2 b3+ 58. Kc3 Qa8 59. Re7 Qb8 60. Qc4 Qf8 61. Qe6 Kg8 62. d4 b2 63. Kxb2 Qb8+ 64. Ka3 Qg3+ 65. Kxa4 Qf3 66. d5 Qf4+ 67. Kb5 Qf1+ 68. Kc5 Qc1+ 69. Kb6 Qb2+ 70. Kc7 Qc3+ 71. Kd7 Qf3 72. Rxf7 1-0